000 00599nam a2200193Ia 4500
003 GCL
008 140319s9999 xx 000 0 ara d
040 _aGCL /
_cGCL
082 0 4 _a810.909287
_bس م
100 1 _aسوسن ناجى
245 1 0 _aالمرأة فى المرآة: دراسة نقدية للرواية النسائية فى مصر /
_cسوسن ناجى
260 _a[S.N] :
_bالعربى للنشر والتوزيع
300 _a199 ص
490 _a
650 0 4 _aالادب العربى
650 0 4 _aالنقد
650 0 4 _aالمرأة فى الادب
942 _2ddc
_cBK
999 _c55843
_d55843